| 000 | 00855nam a22002537a 4500 | ||
|---|---|---|---|
| 003 | DO-SdBNP | ||
| 005 | 20240529115642.0 | ||
| 006 | a||||gr|||| 00| 0 | ||
| 007 | ta | ||
| 008 | 240529e1966 |||ad||| |||| 00| 0 spa d | ||
| 040 |
_aDO-SdBNP _bspa _cBNPHU _erda |
||
| 082 | 4 |
_222 _bP743e |
|
| 100 | 1 |
_aPoe, José Tomás, _946989 _eautor |
|
| 245 | 1 | 0 |
_aEstudios bíblicos introductorios: _clibro del maestro / _bRedacción: José Tomás Poe y Consuelo D. de Gurrola. |
| 264 | 1 |
_a[Argentina] : _b[no identificado], _c1966 |
|
| 300 |
_a64 páginas : _bilustraciones, mapas ; _c21 cm. |
||
| 336 |
_2rdacontent _atexto _btxt |
||
| 337 |
_2rdamedia _asin mediación _bn |
||
| 338 |
_2rdacarrier _avolumen _bnc |
||
| 590 | _aInventariado 2024 / MF | ||
| 650 | 4 |
_aEducación Cristiana _911641 |
|
| 700 | 1 |
_aD. de Gurrola, Consuelo _eautora _985581 |
|
| 942 |
_2ddc _cLBS1 |
||
| 999 |
_c56773 _d56773 |
||